[Event "Copa Latinoamericana de Ajedrez 2011"]
[Site "Montevideo URU"]
[Date "2011.11.04"]
[Round "5.47"]
[White "Piñeiro, Dario"]
[Black "Lallana, Daniel"]
[Result "1-0"]
[WhiteElo "2198"]
[BlackElo "2003"]
[PlyCount "111"]
[EventDate "2011.11.01"]
[EventType "swiss"]
[EventRounds "9"]
[EventCountry "URU"]
[Source "lmi"]
[SourceDate "2011.11.01"]

1. e4 e5 2. Nf3 Nc6 3. Bb5 a6 4. Ba4 Bc5 5. O-O d6 6. h3 Nge7 7. c3 O-O 8. d4
Ba7 9. Re1 b5 10. Bb3 Ng6 11. a4 bxa4 12. Rxa4 Rb8 13. Bc4 Nh4 14. d5 Nxf3+ 15.
Qxf3 Ne7 16. Bxa6 Bd7 17. Ra2 Ng6 18. Be3 Bb6 19. Bd3 Nh4 20. Qh5 Ng6 21. Nd2
Qf6 22. Nc4 Nf4 23. Bxf4 Qxf4 24. Nxb6 Rxb6 25. b4 g6 26. Qe2 Qg5 27. Qe3 Qxe3
28. fxe3 c6 29. Ra7 Bc8 30. Rc7 cxd5 31. exd5 Bb7 32. Bc4 Rc8 33. Rxb7 Rxb7 34.
Ba6 Rbc7 35. Bxc8 Rxc8 36. Rc1 Kf8 37. Kf2 Rc4 38. Ke2 e4 39. Kd2 f5 40. Ra1 g5
41. Ra6 Ke7 42. Ra7+ Kf6 43. Rxh7 Ke5 44. Rh5 Kxd5 45. Rxg5 Ke5 46. g4 Rc8 47.
Rxf5+ Ke6 48. h4 Rg8 49. Rf4 d5 50. c4 Rd8 51. c5 Ra8 52. g5 Ra2+ 53. Ke1 Rb2
54. g6 Ke5 55. Rg4 Rxb4 56. g7 1-0

[Event "Copa Latinoamericana de Ajedrez 2011"]
[Site "Montevideo URU"]
[Date "2011.11.04"]
[Round "5.48"]
[White "Jodorcovsky Werjivker, Paulo"]
[Black "Martinez Alcantara, Jose Eduardo"]
[Result "1/2-1/2"]
[WhiteElo "2194"]
[BlackElo "1995"]
[PlyCount "102"]
[EventDate "2011.11.01"]
[EventType "swiss"]
[EventRounds "9"]
[EventCountry "URU"]
[Source "lmi"]
[SourceDate "2011.11.01"]

1. e4 c5 2. Nf3 Nc6 3. Bb5 g6 4. O-O Bg7 5. Re1 Qb6 6. Nc3 Bxc3 7. Bxc6 Bg7 8.
Ba4 Nh6 9. d3 O-O 10. Bb3 d6 11. h3 Kh8 12. c3 Bd7 13. Bf4 e5 14. Bxh6 Bxh6 15.
d4 f6 16. dxc5 Qxc5 17. Qd5 Bc6 18. Qxc5 dxc5 19. Rad1 Rad8 20. Bc2 Kg7 21. Nh2
Kf7 22. Ng4 Bg5 23. f3 Ke7 24. Kf2 b5 25. Ne3 a5 26. g3 a4 27. Rxd8 Rxd8 28.
Rd1 Rxd1 29. Bxd1 Kd6 30. Bc2 Kc7 31. Ke2 Bh6 32. h4 Bf8 33. c4 Kd6 34. Bd3 Bh6
35. cxb5 Bxe3 36. bxc6 Bd4 37. Bc2 Kxc6 38. Bxa4+ Kb6 39. b3 Ka5 40. a3 c4 41.
Kd2 Bf2 42. Kc3 cxb3 43. Kxb3 Bxg3 44. h5 gxh5 45. Bd7 h4 46. Kc4 Bf4 47. Kd3
Bc1 48. a4 h3 49. Bxh3 Kxa4 50. Ke2 Kb3 51. Kf2 Bf4 1/2-1/2

[Event "Copa Latinoamericana de Ajedrez 2011"]
[Site "Montevideo URU"]
[Date "2011.11.04"]
[Round "5.49"]
[White "Granara Barreto, Sebastian"]
[Black "Haddad Filho, Paulo Ibrahim"]
[Result "1-0"]
[WhiteElo "2190"]
[BlackElo "1972"]
[PlyCount "25"]
[EventDate "2011.11.01"]
[EventType "swiss"]
[EventRounds "9"]
[EventCountry "URU"]
[Source "lmi"]
[SourceDate "2011.11.01"]

1. e4 e5 2. Nf3 Nc6 3. d4 exd4 4. Nxd4 Nf6 5. Nxc6 bxc6 6. e5 Nd5 7. c4 Nb6 8.
Bd3 d5 9. exd6 cxd6 10. O-O Be7 11. Qf3 Bd7 12. Re1 Be6 13. Rxe6 1-0

[Event "Copa Latinoamericana de Ajedrez 2011"]
[Site "Montevideo URU"]
[Date "2011.11.04"]
[Round "5.50"]
[White "Ovalles, Otto"]
[Black "Heinecke, Lucas"]
[Result "1/2-1/2"]
[WhiteElo "2175"]
[BlackElo "1968"]
[PlyCount "70"]
[EventDate "2011.11.01"]
[EventType "swiss"]
[EventRounds "9"]
[EventCountry "URU"]
[Source "lmi"]
[SourceDate "2011.11.01"]

1. Nf3 c5 2. c4 Nc6 3. g3 g6 4. Bg2 Bg7 5. Nc3 Nf6 6. O-O O-O 7. d3 d5 8. cxd5
Nxd5 9. Bd2 Nb6 10. Rc1 c4 11. Ne1 Bf5 12. Be3 cxd3 13. exd3 Qd7 14. Qb3 Be6
15. Qb5 Nd4 16. Bxd4 Bxd4 17. Qxd7 Nxd7 18. Bd5 Bxd5 19. Nxd5 e6 20. Rc7 Ne5
21. Nf6+ Kg7 22. Nd7 Nxd7 23. Rxd7 Bxb2 24. Rxb7 Bd4 25. Nf3 Bb6 26. Rc1 Rad8
27. Ne5 Rd5 28. Nd7 Rd8 29. Nxb6 axb6 30. Rcc7 Rf5 31. Rxb6 Rxd3 32. Rb2 Rd1+
33. Kg2 h5 34. h4 Ra1 35. Rd2 Rd5 1/2-1/2

[Event "Copa Latinoamericana de Ajedrez 2011"]
[Site "Montevideo URU"]
[Date "2011.11.04"]
[Round "5.52"]
[White "Froes Yano, William Jorge"]
[Black "Martyniuk, Carolina"]
[Result "0-1"]
[WhiteElo "2162"]
[BlackElo "1959"]
[PlyCount "61"]
[EventDate "2011.11.01"]
[EventType "swiss"]
[EventRounds "9"]
[EventCountry "URU"]
[Source "lmi"]
[SourceDate "2011.11.01"]

1. e4 g6 2. d4 c6 3. Nf3 d5 4. exd5 cxd5 5. c4 Nf6 6. Nc3 Bg7 7. Bg5 dxc4 8.
Bxc4 O-O 9. Qd2 Nbd7 10. O-O Nb6 11. Bb3 Nbd5 12. Rfe1 Nxc3 13. bxc3 Bf5 14.
Qf4 Rc8 15. Rac1 Qc7 16. Qh4 Qa5 17. c4 Qa3 18. c5 b6 19. c6 a5 20. Bc4 Bd3 21.
Bxd3 Qxd3 22. Rxe7 Nd5 23. Ree1 Qb5 24. Bh6 Rxc6 25. Rb1 Qa4 26. Ne5 Re6 27.
Bxg7 Kxg7 28. Ra1 Rfe8 29. Qe4 Nb4 30. Qf3 R8e7 31. Red1 0-1

[Event "Copa Latinoamericana de Ajedrez 2011"]
[Site "Montevideo URU"]
[Date "2011.11.04"]
[Round "5.53"]
[White "Passos Coutinho, Eduardo"]
[Black "Ulaneo, Ruben"]
[Result "0-1"]
[WhiteElo "1810"]
[BlackElo "2155"]
[PlyCount "94"]
[EventDate "2011.11.01"]
[EventType "swiss"]
[EventRounds "9"]
[EventCountry "URU"]
[Source "lmi"]
[SourceDate "2011.11.01"]

1. Nf3 c5 2. c4 Nf6 3. g3 d5 4. cxd5 Nxd5 5. Bg2 Nc6 6. O-O e5 7. d3 Be7 8. Nc3
Be6 9. Bd2 O-O 10. Nxd5 Bxd5 11. Bc3 Bf6 12. Qd2 Nd4 13. b3 Nxf3+ 14. Bxf3 Bxf3
15. exf3 Bg5 16. Qe2 f6 17. Bd2 Bxd2 18. Qxd2 Qd5 19. Qe3 Rfd8 20. Rfd1 Rd7 21.
Rac1 b6 22. Qe4 Rad8 23. Qxd5+ Rxd5 24. Rc3 Kf7 25. Kf1 h5 26. h4 g5 27. hxg5
fxg5 28. Ke2 Kg6 29. Ke3 Rd4 30. a3 a5 31. Rc4 h4 32. g4 Kf6 33. a4 Ke6 34. Ke2
R8d5 35. Ke3 Kd6 36. Ke2 Kc6 37. Ke3 Rd7 38. Ke2 Rb7 39. Rdc1 Rf7 40. Rxd4 exd4
41. Rh1 Kd5 42. Rh3 Ke5 43. Kd2 Kf4 44. Ke2 Rb7 45. Kd2 b5 46. axb5 Rxb5 47.
Kc2 Rb4 0-1

[Event "Copa Latinoamericana de Ajedrez 2011"]
[Site "Montevideo URU"]
[Date "2011.11.04"]
[Round "5.54"]
[White "Curi, Gabriel"]
[Black "Hengles, Roberto Carlos"]
[Result "1-0"]
[WhiteElo "2154"]
[BlackElo "1927"]
[PlyCount "26"]
[EventDate "2011.11.01"]
[EventType "swiss"]
[EventRounds "9"]
[EventCountry "URU"]
[Source "lmi"]
[SourceDate "2011.11.01"]

1. e4 d5 2. exd5 Qxd5 3. Nc3 Qa5 4. Bc4 Nf6 5. d3 Nc6 6. Bd2 Qf5 7. Nf3 Bd7 8.
Qe2 e6 9. O-O-O O-O-O 10. h3 h5 11. g4 hxg4 12. hxg4 Qa5 13. Rxh8 Nd5 1-0

[Event "Copa Latinoamericana de Ajedrez 2011"]
[Site "Montevideo URU"]
[Date "2011.11.04"]
[Round "5.55"]
[White "Barra De Oliveira, Francemir"]
[Black "Crespo, Antonio Rogerio"]
[Result "0-1"]
[WhiteElo "1806"]
[BlackElo "2153"]
[PlyCount "76"]
[EventDate "2011.11.01"]
[EventType "swiss"]
[EventRounds "9"]
[EventCountry "URU"]
[Source "lmi"]
[SourceDate "2011.11.01"]

1. e4 c5 2. Nf3 a6 3. d4 cxd4 4. Nxd4 Nf6 5. Nc3 e5 6. Nf3 Nc6 7. Bg5 Bb4 8.
Bd3 d5 9. O-O Bxc3 10. Bxf6 gxf6 11. bxc3 dxe4 12. Bxe4 Qxd1 13. Bxc6+ Qd7 14.
Bxd7+ Bxd7 15. c4 O-O-O 16. Rab1 Bc6 17. Rfd1 Rhg8 18. Ne1 Rg4 19. c5 Rc4 20.
Rxd8+ Kxd8 21. Rd1+ Ke7 22. Rd2 Rxc5 23. Nd3 Rd5 24. f3 Kd6 25. Kf2 Bb5 26. Ke3
f5 27. g3 f6 28. f4 Bc4 29. a3 Bxd3 30. cxd3 Ra5 31. Ra2 b5 32. Kd2 Ra4 33.
fxe5+ fxe5 34. Kc3 b4+ 35. Kb3 Rxa3+ 36. Rxa3 bxa3 37. Kxa3 Kd5 38. Kb3 a5 0-1

[Event "Copa Latinoamericana de Ajedrez 2011"]
[Site "Montevideo URU"]
[Date "2011.11.04"]
[Round "5.58"]
[White "Mafra Kaiser, Luiz"]
[Black "Cori, Kevin"]
[Result "1/2-1/2"]
[WhiteElo "2150"]
[BlackElo "1902"]
[PlyCount "86"]
[EventDate "2011.11.01"]
[EventType "swiss"]
[EventRounds "9"]
[EventCountry "URU"]
[Source "lmi"]
[SourceDate "2011.11.01"]

1. e4 e5 2. Nf3 Nc6 3. Bb5 a6 4. Ba4 Nf6 5. O-O b5 6. Bb3 Bb7 7. d3 Be7 8. Nc3
d6 9. a4 b4 10. Nd5 Nxd5 11. Bxd5 Rb8 12. c3 O-O 13. Be3 Kh8 14. d4 exd4 15.
cxd4 f5 16. exf5 Na5 17. Bxb7 Nxb7 18. Qd3 Qd7 19. Rac1 Bd8 20. g4 g6 21. Bh6
Rf7 22. Rfe1 gxf5 23. g5 Be7 24. Qc4 Bf8 25. Qe6 Qxe6 26. Rxe6 c5 27. Bxf8
Rfxf8 28. dxc5 Nxc5 29. Rxd6 Nxa4 30. Rxa6 Nxb2 31. Ne5 Rfc8 32. Rxc8+ Rxc8 33.
Rb6 Nc4 34. Nf7+ Kg7 35. Rb7 Kg6 36. h4 b3 37. h5+ Kxh5 38. Rxb3 Kg6 39. Rb7
Rf8 40. Rc7 Rxf7 41. Rxc4 Kxg5 42. Kg2 h5 43. Kg3 f4+ 1/2-1/2

[Event "Copa Latinoamericana de Ajedrez 2011"]
[Site "Montevideo URU"]
[Date "2011.11.04"]
[Round "5.59"]
[White "Pesuto, Nicolas"]
[Black "Sanguinetti, Luis"]
[Result "0-1"]
[WhiteElo "1755"]
[BlackElo "2138"]
[PlyCount "70"]
[EventDate "2011.11.01"]
[EventType "swiss"]
[EventRounds "9"]
[EventCountry "URU"]
[Source "lmi"]
[SourceDate "2011.11.01"]

1. e4 e6 2. d4 d5 3. exd5 exd5 4. Bd3 Nc6 5. c3 Bd6 6. Qf3 Nge7 7. Ne2 Be6 8.
Bf4 Ng6 9. Bxd6 Qxd6 10. Qg3 Qe7 11. h4 O-O-O 12. h5 Nf8 13. Qxg7 Nd7 14. Qh6
Rde8 15. Qd2 Rhg8 16. g3 Bg4 17. Na3 Bf3 18. Rh2 Nf6 19. Kf1 Nxh5 20. Ng1 Bg4
21. Be2 Nf6 22. Bxg4+ Rxg4 23. Qe2 Qd7 24. Qd3 Ne4 25. Kg2 Reg8 26. Qf3 Ne7 27.
Ne2 Ng6 28. Rah1 Ng5 29. Qd3 Re8 30. Kf1 Rge4 31. f4 Re3 32. Qd1 Ne4 33. Rg2
Qg4 34. Rhg1 Qf3+ 35. Ke1 Nxg3 0-1

[Event "Copa Latinoamericana de Ajedrez 2011"]
[Site "Montevideo URU"]
[Date "2011.11.04"]
[Round "5.60"]
[White "Restuccia, Francisco"]
[Black "Iduate, Guillermo"]
[Result "1-0"]
[WhiteElo "2136"]
[BlackElo "1870"]
[PlyCount "63"]
[EventDate "2011.11.01"]
[EventType "swiss"]
[EventRounds "9"]
[EventCountry "URU"]
[Source "lmi"]
[SourceDate "2011.11.01"]

1. e4 c5 2. Nc3 Nc6 3. f4 d6 4. Nf3 Bg4 5. Bb5 g6 6. h3 Bxf3 7. Qxf3 e6 8. O-O
a6 9. Bxc6+ bxc6 10. f5 Qd7 11. f6 h5 12. Na4 Rb8 13. c3 Bh6 14. e5 dxe5 15.
Nxc5 Qd5 16. Ne4 Bf8 17. d4 exd4 18. cxd4 Nh6 19. Bf4 Rd8 20. Rfd1 Nf5 21. Rac1
Nxd4 22. Qe3 c5 23. Nc3 Qf5 24. Rf1 h4 25. Bc7 Bh6 26. Qe1 Qh5 27. Bxd8 Bxc1
28. Be7 Bxb2 29. Qe4 Bxc3 30. Qa8+ Kd7 31. Qb7+ Ke8 32. Qc8# 1-0

[Event "Copa Latinoamericana de Ajedrez 2011"]
[Site "Montevideo URU"]
[Date "2011.11.04"]
[Round "5.61"]
[White "Pesuto, Ivan"]
[Black "Piñero, Ismael"]
[Result "1-0"]
[WhiteElo "2129"]
[BlackElo "1874"]
[PlyCount "159"]
[EventDate "2011.11.01"]
[EventType "swiss"]
[EventRounds "9"]
[EventCountry "URU"]
[Source "lmi"]
[SourceDate "2011.11.01"]

1. d4 Nf6 2. Nf3 g6 3. c4 Bg7 4. Nc3 d6 5. e4 O-O 6. Be2 e5 7. Be3 Qe7 8. d5 h6
9. Nd2 Bd7 10. b4 a5 11. a3 axb4 12. axb4 Rxa1 13. Qxa1 Na6 14. Qa5 Ng4 15.
Bxg4 Bxg4 16. f3 Bc8 17. O-O b6 18. Qa3 f5 19. Nb3 Rd8 20. Nb5 fxe4 21. fxe4
Qh4 22. Nd2 Qe7 23. Na7 Nb8 24. c5 bxc5 25. bxc5 Rf8 26. Rxf8+ Qxf8 27. cxd6
cxd6 28. Nxc8 Qxc8 29. Qxd6 Kh7 30. h3 Nd7 31. Qc6 Qd8 32. Nc4 Qe7 33. d6 Qe6
34. Qc7 Nf6 35. Kh2 g5 36. Qc5 Nxe4 37. Qc6 Nf6 38. Nb6 Kg6 39. Qc2+ e4 40. Qd2
Nd7 41. Nxd7 Qxd7 42. Qd5 Bf6 43. Qxe4+ Kg7 44. Qd5 Kg6 45. Bf2 Kg7 46. Bg3 Kf8
47. Qa8+ Kf7 48. Qa2+ Kg7 49. Qc4 Bd8 50. Be5+ Bf6 51. Bg3 Bd8 52. Qd5 Kf8 53.
Be5 Qf7 54. Qa8 Ke8 55. Qc6+ Qd7 56. Qe4 Qe6 57. Qc6+ Kf7 58. Bg3 Qe8 59. Qf3+
Ke6 60. Qg4+ Kd5 61. Qc8 Qf8 62. d7 Ke6 63. Qc6+ Kf7 64. Bc7 Qe7 65. Bxd8 Qxd8
66. Qxh6 Qc7+ 67. Kg1 Qc5+ 68. Kf1 Qc1+ 69. Ke2 Qc4+ 70. Ke3 Qf4+ 71. Kd3 Qf1+
72. Kd4 Qf2+ 73. Kc4 Qa2+ 74. Kb5 Qd5+ 75. Kb6 Qd4+ 76. Kc6 Qc3+ 77. Kb7 Qb4+
78. Qb6 Qe4+ 79. Qc6 Qb4+ 80. Kc8 1-0

[Event "Copa Latinoamericana de Ajedrez 2011"]
[Site "Montevideo URU"]
[Date "2011.11.04"]
[Round "5.62"]
[White "Genta, Alejandro"]
[Black "Fernandez, Carlos"]
[Result "1-0"]
[WhiteElo "2123"]
[BlackElo "1865"]
[PlyCount "65"]
[EventDate "2011.11.01"]
[EventType "swiss"]
[EventRounds "9"]
[EventCountry "URU"]
[Source "lmi"]
[SourceDate "2011.11.01"]

1. d4 Nf6 2. Nf3 e6 3. c4 d5 4. Nc3 Be7 5. Bg5 O-O 6. e3 a6 7. Rc1 Nbd7 8. a3
b6 9. cxd5 exd5 10. Bd3 Bb7 11. O-O c5 12. Ne5 Nxe5 13. dxe5 Nd7 14. Bf4 Re8
15. Bb1 Nf8 16. Ba2 c4 17. Qf3 Ne6 18. Rfd1 b5 19. Nxd5 Qb8 20. Bg3 Bxd5 21.
Rxd5 Qb6 22. Rcd1 Rad8 23. h3 Rxd5 24. Rxd5 Rd8 25. Bb1 Ng5 26. Qd1 Rxd5 27.
Qxd5 Qd8 28. e4 Kf8 29. f4 Ne6 30. f5 Nc5 31. f6 gxf6 32. exf6 Bxf6 33. Qxc5+
1-0

[Event "Copa Latinoamericana de Ajedrez 2011"]
[Site "Montevideo URU"]
[Date "2011.11.04"]
[Round "5.63"]
[White "Fernandez, Antonio"]
[Black "Magaldi, Nelson"]
[Result "1/2-1/2"]
[WhiteElo "1973"]
[BlackElo "2123"]
[PlyCount "73"]
[EventDate "2011.11.01"]
[EventType "swiss"]
[EventRounds "9"]
[EventCountry "URU"]
[Source "lmi"]
[SourceDate "2011.11.01"]

1. e4 e5 2. Nf3 Nc6 3. Bb5 a6 4. Ba4 Nf6 5. d4 b5 6. Bb3 Bb4+ 7. c3 Bd6 8. O-O
Qe7 9. dxe5 Bxe5 10. Nxe5 Nxe5 11. h3 Bb7 12. f4 Nc6 13. e5 Ne4 14. Be3 Ng3 15.
Re1 h5 16. Bf2 Nf5 17. Qd3 g6 18. Nd2 Nd8 19. Ne4 Bxe4 20. Qxe4 Rb8 21. a3 h4
22. Rad1 Ne6 23. Bc2 c6 24. Qf3 Rh5 25. Rd2 Rc8 26. Red1 Rc7 27. b4 Kf8 28. Be4
Kg8 29. Rd3 Nh6 30. R3d2 Nf5 31. Qg4 Neg7 32. Qe2 d5 33. exd6 Nxd6 34. Bf3 Nc4
35. Rd8+ Kh7 36. Bxh5 gxh5 37. Qd3+ 1/2-1/2

[Event "Copa Latinoamericana de Ajedrez 2011"]
[Site "Montevideo URU"]
[Date "2011.11.04"]
[Round "5.64"]
[White "Daneri, Martin"]
[Black "Ibañez, Marcelo"]
[Result "1/2-1/2"]
[WhiteElo "2110"]
[BlackElo "1854"]
[PlyCount "73"]
[EventDate "2011.11.01"]
[EventType "swiss"]
[EventRounds "9"]
[EventCountry "URU"]
[Source "lmi"]
[SourceDate "2011.11.01"]

1. d4 Nf6 2. Nf3 g6 3. c4 d6 4. Nc3 Bg7 5. h3 Nbd7 6. Bf4 O-O 7. e3 Re8 8. Be2
e5 9. dxe5 dxe5 10. Nxe5 Nh5 11. Bxh5 Nxe5 12. Be2 Be6 13. Bxe5 Bxe5 14. Qb3
Qh4 15. Rd1 a6 16. Qxb7 Reb8 17. Qf3 Bxc4 18. O-O Bxe2 19. Qxe2 Qf6 20. Rd3 Rb7
21. Rc1 Rab8 22. b3 a5 23. Ne4 Qe7 24. Nc5 Rb5 25. Nd7 Rd8 26. Nxe5 Rxe5 27.
Rxd8+ Qxd8 28. Qc4 Rd5 29. Rc2 Qd6 30. g3 Qe6 31. Kg2 Qe5 32. h4 c5 33. Qc3 Qc7
34. e4 Re5 35. Qc4 Qc6 36. f3 Re6 37. Qxc5 1/2-1/2

[Event "Copa Latinoamericana de Ajedrez 2011"]
[Site "Montevideo URU"]
[Date "2011.11.04"]
[Round "5.65"]
[White "Urrestarazu, Diego"]
[Black "De Lima, Carlos Alexandre"]
[Result "0-1"]
[WhiteElo "1955"]
[BlackElo "2106"]
[PlyCount "124"]
[EventDate "2011.11.01"]
[EventType "swiss"]
[EventRounds "9"]
[EventCountry "URU"]
[Source "lmi"]
[SourceDate "2011.11.01"]

1. c4 e5 2. Nc3 f5 3. g3 Nf6 4. Bg2 d6 5. d3 Be7 6. Nf3 O-O 7. O-O c6 8. a3 a5
9. b3 Kh8 10. Bb2 Be6 11. e4 f4 12. d4 fxg3 13. hxg3 Nbd7 14. Ng5 Bg8 15. d5 h6
16. Nf3 Bh7 17. Nh4 Nc5 18. Re1 Qb6 19. Nf5 Bxf5 20. exf5 Qxb3 21. Qe2 Qb6 22.
Rab1 Qc7 23. f4 Nfd7 24. Ne4 cxd5 25. cxd5 Rxf5 26. Bh3 Rff8 27. fxe5 Nxe5 28.
Nxc5 Qxc5+ 29. Qe3 Qxe3+ 30. Rxe3 Bf6 31. Bxe5 Bxe5 32. Rxe5 dxe5 33. Rxb7 Rf3
34. Bg2 Rxa3 35. d6 Rd8 36. d7 Rxg3 37. Kh2 Rg6 38. Rc7 Rd6 39. Bh3 Kh7 40. Ra7
Rd5 41. Be6 Rd2+ 42. Kg3 Kg6 43. Rxa5 Kf6 44. Ra6 Ke7 45. Bg4 R8xd7 46. Bxd7
Rxd7 47. Ra5 Kf6 48. Ra6+ Ke7 49. Ra5 Kf6 50. Ra6+ Kf5 51. Ra2 Rd3+ 52. Kf2 h5
53. Ra7 g5 54. Rf7+ Kg4 55. Ke2 Ra3 56. Re7 Kf4 57. Rf7+ Ke4 58. Rg7 Ra2+ 59.
Kf1 Kf4 60. Rf7+ Kg4 61. Re7 h4 62. Rxe5 h3 0-1

[Event "Copa Latinoamericana de Ajedrez 2011"]
[Site "Montevideo URU"]
[Date "2011.11.04"]
[Round "5.66"]
[White "Colombo, Camila"]
[Black "Luzuriaga, Norberto"]
[Result "1-0"]
[WhiteElo "2096"]
[BlackElo "1836"]
[PlyCount "71"]
[EventDate "2011.11.01"]
[EventType "swiss"]
[EventRounds "9"]
[EventCountry "URU"]
[Source "lmi"]
[SourceDate "2011.11.01"]

1. d4 d5 2. c4 e6 3. Nf3 Nf6 4. Nc3 c6 5. Bg5 Be7 6. e3 Nbd7 7. cxd5 exd5 8.
Bd3 h6 9. Bh4 O-O 10. O-O Re8 11. Qc2 Ne4 12. Bxe7 Qxe7 13. Rab1 Ndf6 14. Ne5
Bf5 15. b4 Nxc3 16. Qxc3 Bxd3 17. Qxd3 Nd7 18. Nxd7 Qxd7 19. b5 Reb8 20. g3 Qd6
21. Rfc1 Rc8 22. bxc6 Rxc6 23. Rxc6 Qxc6 24. Qb5 Qc2 25. Qxb7 Rc8 26. Rf1 Qc6
27. Qxa7 Ra8 28. Qc5 Qe6 29. Ra1 Rc8 30. Qb5 g5 31. a4 f5 32. a5 f4 33. Qb6 Qe4
34. Qxh6 fxe3 35. Qxg5+ Kh8 36. Qxe3 1-0

[Event "Copa Latinoamericana de Ajedrez 2011"]
[Site "Montevideo URU"]
[Date "2011.11.04"]
[Round "5.67"]
[White "Arean, Martin"]
[Black "De La Torre, Andres"]
[Result "1-0"]
[WhiteElo "2066"]
[BlackElo "2046"]
[PlyCount "45"]
[EventDate "2011.11.01"]
[EventType "swiss"]
[EventRounds "9"]
[EventCountry "URU"]
[Source "lmi"]
[SourceDate "2011.11.01"]

1. c4 Nf6 2. Nc3 g6 3. g3 Bg7 4. Bg2 O-O 5. e3 d6 6. Nge2 e5 7. O-O Nbd7 8. d4
Re8 9. b3 Nf8 10. Bb2 c6 11. b4 a6 12. a4 Qc7 13. Qb3 Be6 14. d5 cxd5 15. cxd5
Bd7 16. Rfc1 Qd8 17. a5 Bf5 18. Na4 Re7 19. Nb6 Rb8 20. Qc4 N8d7 21. Nc8 Ne8
22. Nxe7+ Qxe7 23. g4 1-0

[Event "Copa Latinoamericana de Ajedrez 2011"]
[Site "Montevideo URU"]
[Date "2011.11.04"]
[Round "5.68"]
[White "Meyer Monsalver, Ewald"]
[Black "Cordero, Renzo"]
[Result "1-0"]
[WhiteElo "2060"]
[BlackElo "1978"]
[PlyCount "58"]
[EventDate "2011.11.01"]
[EventType "swiss"]
[EventRounds "9"]
[EventCountry "URU"]
[Source "lmi"]
[SourceDate "2011.11.01"]

1. d4 Nf6 2. c4 e6 3. Nf3 c5 4. Nc3 cxd4 5. Nxd4 a6 6. g3 Qc7 7. Qd3 b6 8. Bg2
Bb7 9. e4 Be7 10. O-O d6 11. b3 Nbd7 12. Bb2 O-O 13. Rac1 Rac8 14. Qe2 Qb8 15.
g4 Qa8 16. g5 Ne8 17. Qg4 Ne5 18. Qg3 Nc7 19. h4 f6 20. f4 Nd7 21. Kh1 d5 22.
exd5 exd5 23. Nf5 Rce8 24. Nxg7 Kxg7 25. gxf6+ Kf7 26. Qg7+ Ke6 27. Rfe1+ Kd6
28. Rxe7 Qd8 29. Rxd7+ Qxd7 1-0

[Event "Copa Latinoamericana de Ajedrez 2011"]
[Site "Montevideo URU"]
[Date "2011.11.04"]
[Round "5.69"]
[White "Romaniello, Enrique"]
[Black "Escofet, Jaime"]
[Result "1/2-1/2"]
[WhiteElo "1880"]
[BlackElo "2056"]
[PlyCount "51"]
[EventDate "2011.11.01"]
[EventType "swiss"]
[EventRounds "9"]
[EventCountry "URU"]
[Source "lmi"]
[SourceDate "2011.11.01"]

1. d4 e6 2. c4 f5 3. Nf3 c6 4. g3 Nf6 5. Bg2 d5 6. O-O Bd6 7. Qc2 O-O 8. Ne5
Nbd7 9. Bf4 Qe7 10. Nd2 Ne4 11. Ndf3 Ndf6 12. c5 Bc7 13. b4 Nh5 14. Qc1 Nxf4
15. gxf4 Bd7 16. Rb1 a6 17. Nxd7 Qxd7 18. Ne5 Qe8 19. Rb3 Bxe5 20. dxe5 d4 21.
Qc2 Qf7 22. Rd3 Rad8 23. Rfd1 Nc3 24. R1d2 Ne4 25. Rd1 Nc3 26. R1d2 1/2-1/2

[Event "Copa Latinoamericana de Ajedrez 2011"]
[Site "Montevideo URU"]
[Date "2011.11.04"]
[Round "5.70"]
[White "Garcia Silveira, Luis"]
[Black "Nuñez, Hiber"]
[Result "1-0"]
[WhiteElo "2053"]
[BlackElo "1865"]
[PlyCount "39"]
[EventDate "2011.11.01"]
[EventType "swiss"]
[EventRounds "9"]
[EventCountry "URU"]
[Source "lmi"]
[SourceDate "2011.11.01"]

1. e4 e6 2. d4 d5 3. Nc3 Nf6 4. Bg5 Be7 5. e5 Nfd7 6. h4 Bxg5 7. hxg5 Qxg5 8.
Nh3 Qd8 9. Nf4 g6 10. Bd3 Nf8 11. Qg4 Qe7 12. Nfxd5 f5 13. exf6 exd5+ 14. fxe7
Bxg4 15. exf8=Q+ Rxf8 16. Nxd5 Rf7 17. Ne3 Bd7 18. O-O-O Nc6 19. c3 O-O-O 20.
Rd2 1-0

[Event "Copa Latinoamericana de Ajedrez 2011"]
[Site "Montevideo URU"]
[Date "2011.11.04"]
[Round "5.71"]
[White "Izquierdo, Sebastian"]
[Black "Barandiaran, Gabriel"]
[Result "1-0"]
[WhiteElo "2046"]
[BlackElo "1945"]
[PlyCount "87"]
[EventDate "2011.11.01"]
[EventType "swiss"]
[EventRounds "9"]
[EventCountry "URU"]
[Source "lmi"]
[SourceDate "2011.11.01"]

1. Nf3 Nf6 2. g3 g6 3. Bg2 Bg7 4. O-O O-O 5. c4 c5 6. d4 cxd4 7. Nxd4 Nc6 8.
Nc3 Nxd4 9. Qxd4 d6 10. Qh4 Qb6 11. Rb1 Bd7 12. Bh6 Bc6 13. Bxg7 Kxg7 14. Rfd1
Bxg2 15. Kxg2 Rac8 16. b3 Qa5 17. Qd4 Qc5 18. Nd5 Qxd4 19. Rxd4 Nxd5 20. Rxd5
Rc6 21. Rbd1 Rfc8 22. e4 Rc5 23. R5d4 a5 24. a4 R8c6 25. R1d3 Rb6 26. f4 g5 27.
Kf2 gxf4 28. gxf4 Rh5 29. Rg3+ Kf6 30. h3 e5 31. fxe5+ Rxe5 32. Ke2 Rg5 33.
Rf3+ Ke6 34. Kd2 h5 35. Kc3 f6 36. Rd2 h4 37. Rdf2 Rg6 38. Rf4 Ke5 39. Rf5+
Kxe4 40. R2f4+ Ke3 41. Rxf6 Rg3 42. Rxh4 Ke2+ 43. Kc2 Re3 44. Rff4 1-0

[Event "Copa Latinoamericana de Ajedrez 2011"]
[Site "Montevideo URU"]
[Date "2011.11.04"]
[Round "5.72"]
[White "Cao, Jorge"]
[Black "Blanchard, Marcel"]
[Result "1-0"]
[WhiteElo "2105"]
[BlackElo "1840"]
[PlyCount "91"]
[EventDate "2011.11.01"]
[EventType "swiss"]
[EventRounds "9"]
[EventCountry "URU"]
[Source "lmi"]
[SourceDate "2011.11.01"]

1. d4 d5 2. c4 e6 3. Nc3 Nf6 4. Bg5 Be7 5. Nf3 O-O 6. e3 h6 7. Bh4 b6 8. Rc1
Bb7 9. Bd3 Nbd7 10. O-O dxc4 11. Bxc4 c5 12. Qe2 Ne4 13. Bxe7 Nxc3 14. bxc3
Qxe7 15. e4 Nf6 16. Bd3 c4 17. Bb1 b5 18. Rfe1 Qa3 19. e5 Nh5 20. Qc2 g6 21.
Qd2 Kg7 22. Nh4 Qe7 23. g3 Qg5 24. f4 Qe7 25. Ng2 Kh7 26. g4 Ng7 27. Re3 Rh8
28. Qf2 Kg8 29. Rf1 h5 30. f5 gxf5 31. gxf5 exf5 32. Bxf5 Nxf5 33. Qxf5 Bc8 34.
Qe4 Bb7 35. Rg3+ Kf8 36. Qg6 Ke8 37. Qg7 Rf8 38. Nf4 h4 39. Rg5 Rd8 40. e6 f6
41. Qg6+ Rf7 42. exf7+ Kd7 43. Qf5+ Kc7 44. Qc5+ Qxc5 45. Rxc5+ Kb6 46. Ne6 1-0